Statistics for Taylor Swift - Say Don't Go Lyrics

Click here to take the quiz!

General Stats

  • This quiz has been taken 187 times
    (137 since last reset)
  • The average score is 367 of 404

Answer Stats

Answer% Correct
(I
100%
I
100%
"I
100%
you?
100%
you
100%
You
100%
you")
100%
you"
100%
you)
100%
"Don't
99%
go"
99%
in
99%
me
99%
the
99%
The
99%
to)
99%
to
99%
a
97%
have
97%
no
97%
Say
97%
say
97%
dark
96%
dark?
96%
for
96%
has
96%
leave
96%
on?
96%
on
96%
Why’d
96%
Why'd
96%
(Why'd
96%
And
94%
and
94%
back?
94%
back
94%
bleedin'?
94%
bleedin’
94%
forever
94%
if
94%
knife?
94%
stay
94%
twist
94%
would
94%
away
93%
Just
93%
love
93%
not
93%
nothin'
93%
Walk
93%
lead
92%
said
92%
your
92%
Now
90%
night?
89%
Oh
89%
oh
89%
silence
89%
But
88%
but
88%
I’m
88%
I'm
88%
it
88%
(Make
86%
Make
86%
screamin'
86%
want
86%
won't
86%
whisper
85%
you're
83%
alone
82%
it's
82%
wait
81%
mine
79%
standin'
79%
fair
78%
from
78%
Give
78%
start
76%
there
76%
time
76%
very
76%
yours
76%
by
75%
kiss
75%
then
75%
I've
74%
known
74%
out
74%
hold
72%
is
72%
my
72%
stop
72%
'Cause
71%
madness
71%
sidewalk
71%
darkest
69%
sadness
69%
tightrope
69%
We’re
69%
ground
68%
little
68%
shaky
68%
shot
68%
show
68%
waiting
68%
bit
67%
into
67%
stops
67%
drive
65%
longer
65%
breath
63%
hope
63%
match
63%
that
63%
blow
61%
Fading
61%
Strike
60%
door
58%
pacin'
58%
close
57%
holdin'
57%
cards
56%
Halfway
56%
unless
56%
about
54%
see
51%
unarmed
51%
fold
46%
tryna
43%
woah
29%

Score Distribution

Percentile by Number Answered

Percent of People with Each Score

Your Score History

You have not taken this quiz since the last reset